000 00498nam a2200181Ia 4500
008 151018s9999 xx 000 0 und d
082 _bRBASDV33076
_a891.463
100 _aहिरच फील
245 _aअंडरवाँटर
250 _b1
260 _bपुण्य
_c2000
300 _a216
600 _aहिरच फील
630 _aअंडरवाँटर
700 _aहिरच फील
730 _aअंडरवाँटर
942 _cBOOK
999 _c1032596
_d1032593